MDQL
is popping MORE tags! Check the
thread
!
Quizzes
Events
Quiz Creation
Community
Videos
Private Events
Remove Ads
Sign In
Join for FREE
Feedback
Dark Mode
Quiz Categories
Sports
Geography
Music
Movies
Television
Just For Fun
Miscellaneous
History
Literature
Language
Science
Gaming
Entertainment
Religion
Holiday
For Kids
Quiz Lab
Recent
Popular Today
Quiz Kudos Today
Editor Picks
Curator Picks
Quizzes by...
Day
Popularity
Type
Ratings
Length
Year
Community
Subscriptions
Recent Discussions
Orange Saloon
Badges
Playlists
Quests
Create
Leaderboards
Showdown
Live 5
Trivia Bingo
Activity
Puzzle Library
Sporcle Events
Private Events
Virtual Trivia
Globe League
Become a Host
Pub Owners
SporcleCon
Opinionation
Our Games
Videos
Blog
Mobile Apps
Partnerships
Remove Ads and Go Orange
Feedback
Movies
Disney
Marvel Cinematic Universe
Movie Resume
Movie Titles
Oscar
Actor
Actress
Director
Pixar
Role
Movie Quotes
Movie Characters
Box Office
Nominee
Best Picture
Star Wars
James Bond
Horror Movies
Movies
Disney
Marvel Cinematic Universe
Movie Resume
Movie Titles
Oscar
Actor
Actress
Director
Pixar
Role
Movie Quotes
Movie Characters
Box Office
Nominee
Best Picture
Star Wars
James Bond
Horror Movies
Random Quiz
Search Sporcle
×
Quiz Lab
Quiz Lab
Movies
Disney
Select answers by clicking on text or image buttons
Select answers by clicking on text or image buttons
Clickable
Best Score? Go Orange.
Disney Songs in Arabic Stats
Can you pick the Disney Songs in Arabic?
By
samurottgirl778
10m
15 Questions
61 Plays
61 Plays
61 Plays
Comments
Comments
Give Quiz Kudos
Give Quiz Kudos
-
- Ratings
hide this ad
Replay
Link that replays current quiz
Next Quiz
Link to next quiz in quiz playlist
You Got
0%
They Got
Avg Score
62%
Avg Friend Score
Upgrade to see
Score Distribution
Jump to the score distribution portion of the page
Score
0/15
Timer
10:00
0
Plays Today
% Correct
تريدين رجل الجليد؟
86.9%
هاي هو
85.2%
إمتى حابتدي أعيش بقى
77%
صورتي
75.4%
مش هقول عشقاه
70.5%
في مفترق النهر
70.5%
استعدوا
68.9%
منكم هعمل رجال
68.9%
% Correct
قربت خلاص
65.6%
مساكين البحور
59%
بره في دنياك
57.4%
دنيا فوق
55.7%
الطريق حامشيه
49.2%
الناس و الشر
24.6%
المجهول يناديني
24.6%
Quiz Playlist
Details
Report
Send in Message
Add To Playlist
Clickable:
Select answers by clicking on text or image buttons
Last Updated: May 16, 2020
Quiz Scoreboard
CHALLENGE
Sign Up to Join the Scoreboard
Show All
Scores
Hide
Comments
May contain spoilers
Recently Published
Find the 'City' Movie
by crazypaving
Movies
60s
5x2 Blitz: Bands
by SL_Kpop136
Music
30s
Colored Red Africa Blitz
by spor1
Geography
30s
More to Explore
Quiz From the Vault
Featured Blog Post
14 Easter Pick-up Lines to Find Eggs With
hide this ad
You Might Also Like...
Tags
Disney Quiz
Musical Quiz
Arabic
Classic Disney
Disney Films
Disney Lyrics
Disney Songs
Movie Musicals
Musical Songs
Today's Top Quizzes in Movies
Browse Movies
hide this ad
Today's Top Quizzes in Disney
Browse Disney
Top Contributed Quizzes in Movies
1
Find The 'Big' Movie
2
Find The 'Wild' Movie
3
Find The 'Blue' Movie
4
Movies By Plot
5
Hidden Star Wars Character II
6
Pick 5 Posters: Directed by Spielberg
7
Hidden Star Wars Character III
8
The ultimate James Bond movie quiz
9
Hidden Star Wars Character IV
10
25 Best Actor Nominees (1990s)
Explore More
Trending Topics
NBA
Kpop
Disney
Harry Potter
Marvel
Anime
Crossword
Soccer
NFL
Pokémon
Puzzle
Song
Country
WWE
The Office
hide this ad
More By:
samurottgirl778
Quiz
Plays
Rating
Category
Featured
Created
Panic! at the Disco Song Titles in Lyrics
36,351
4.38
Music
Jul 31, 2015
Twenty One Pilots Songs by Lyric
20,902
5.00
Music
Jul 31, 2015
Heathers Songs by Lyric
15,725
5.00
Entertainment
Oct 25, 2015
Badly Translated Literary Opening Lines
12,640
4.23
Literature
Sep 5, 2018
Follow That Lyric: Dear Evan Hansen
7,913
4.44
Entertainment
Feb 9, 2017
Go to Creator's Profile
Score Distribution
Quiz Creator Spotlight
samurottgirl778
Follow
Send a Message
Quizzes Created
-
Created Quiz Play Count
-
More By This Creator
Popular Quizzes Today
1
Colored Red Africa Blitz
2
Find the 'City' Movie
3
Find the US States - No Outlines Minefield
4
5x2 Blitz: Bands
5
The Countries of the World
6
Find the US States
7
US States
8
Find the Countries of Europe - No Outlines Minefield
More Movies Quizzes
MCU Actors in Other Movies, Part 2
Quiz Lab
Trending Quizzes
Colored Red Europe Blitz I
Colored Red Europe Blitz II
Colored Red Africa Blitz II
Colored Red Europe Blitz III
Colored Red Africa Blitz III
Recently Updated
How Do You Spell That?
pecheneg
Godzilla Movies
pecheneg
Grab Bag: 4-10 Letters
pecheneg
2024 March Madness Bracket
pecheneg
Famous TV Couples
Peacemaker
Champions League XIs: Real Madrid
pecheneg
Largest US Cities 1790-2010
pecheneg
Rides in Walt Disney World
pecheneg
Most Oscar Losses (Acting)
pecheneg
Beyoncé Albums
pecheneg
Trending Topics
NBA
Kpop
Disney
Anime
Harry Potter
Crossword
Marvel
WWE
Puzzle
Soccer
Song
Country
NFL
The Office
Pokémon
Your Account Isn't Verified!
In order to create a playlist on Sporcle, you need to verify the email address you used during registration. Go to your
Sporcle Settings
to finish the process.
Report this User
Report this user for behavior that violates our
Community Guidelines
.
Details:
Send Report
Go to the Sporcle.com Mobile Site →
Comments